• 首页
  • 本馆介绍
  • 公告通知
  • 最新文献
  • 馆藏检索
  • 电子资源
  • 读者导购
  • 参考咨询
  • 我的图书馆
  • 登录
  • 详细信息显示
  • 放入我的书架
  • 预约/预借图书
  • 作者相关作品
  • 分类相关作品
  • 丛书相关作品
  • 出版社相关作品

书目信息

  • 表格格式
  • 工作单格式
  • 卡片格式
题名:
中国少数民族地区发展报告
    
 
作者: 葛忠兴 主编
分册: 2004  
出版信息: 北京   民族出版社  2005
页数: 230页
开本: 21cm
丛书名:
单 册:
中图分类: F127.8
科图分类:
主题词: 民族地区--经济发展--研究报告--中国--2004 , 民族地区 , 经济发展 , 民族地区--社会发展--研究报告--中国--2004 , 社会发展
电子资源:
ISBN: 7-105-07058-7
000 00936nam0 2200265 450
001 002981111
005 20061123152957.37
010    @a7-105-07058-7@dCNY15.00
100    @a20050616d2005 em y0chiy0110 ea
101 0  @achi
102    @aCN@b110000
105    @ay z 000yy
200 1  @a中国少数民族地区发展报告@9zhong guo shao shu min zu di qu fa zhan bao gao@h2004@f葛忠兴主编
210    @a北京@c民族出版社@d2005
215    @a230页@d21cm
330    @a本书研究当前少数民族地区经济社会发展中存在的突出问题,分析了当前和今后一个时期少数民族地区经济社会发展面临的机遇和挑战,提出了发展的目标和任务。
606 0  @a民族地区@x经济发展@x研究报告@y中国@z2004
606 0  @a民族地区
606 0  @a经济发展
606 0  @a民族地区@x社会发展@x研究报告@y中国@z2004
606 0  @a社会发展
690    @aF127.8@v4
701  0 @c(赫哲)@a葛忠兴@9ge zhong xing@f(1952.5~)@4主编
801  0 @aCN@bNLC@c20061123
905    @a10447@dF127.8@e75(2004)
    
    中国少数民族地区发展报告.2004/葛忠兴主编.-北京:民族出版社,2005
    230页;21cm
    
    
    ISBN 7-105-07058-7:CNY15.00
    本书研究当前少数民族地区经济社会发展中存在的突出问题,分析了当前和今后一个时期少数民族地区经济社会发展面临的机遇和挑战,提出了发展的目标和任务。
●
相关链接 在E读中查询图书 在五车中查询图书 在当当中查询图书 在豆瓣中查询图书


正题名:中国少数民族地区发展报告     索取号:F127.8/75(2004)         预约/预借

序号 登录号 条形码 馆藏地/架位号 状态 备注
1 0390696   203906960   第一样本阅览室/ [索取号:F127.8/75(2004)] 在馆    
2 0390697   203906979   第一借阅区/ [索取号:F127.8/75(2004)] 在馆    
3 0390698   203906988   第一借阅区/ [索取号:F127.8/75(2004)] 在馆    
4 0390699   203906997   第一借阅区/ [索取号:F127.8/75(2004)] 在馆    
5 0390700   203907004   第一借阅区/ [索取号:F127.8/75(2004)] 在馆    
唐山师范学院图书馆 欢迎您!
大连网信软件有限公司© 版权所有